[Event "6th SPICE Cup GM"]
[Site "St Louis USA"]
[Date "2012.10.12"]
[Round "1"]
[White "Meier, Georg"]
[Black "Le, Quang Liem"]
[Result "1/2-1/2"]
[WhiteTitle "GM"]
[BlackTitle "GM"]
[WhiteElo "2646"]
[BlackElo "2703"]
[WhiteFideId "4675789"]
[BlackFideId "12401137"]
[EventDate "2012.10.12"]

1. Nf3 g6 2. e4 c5 3. c3 d5 4. exd5 Qxd5 5. d4 Bg7 6. Na3 cxd4 7. Nb5 Na6 8. Be3
Bd7 9. Bxd4 Bxd4 10. Qxd4 Nf6 11. Qxd5 Nxd5 12. Ne5 Nb6 13. Nxd7 Kxd7 14. O-O-O+
Kc8 15. Re1 Kd8 16. h4 Nc5 17. h5 Rf8 18. Rd1+ Ncd7 19. c4 a6 20. Nc3 Rc8 21.
hxg6 hxg6 22. Rh4 e6 23. b4 Ke7 24. Kb2 Nf6 25. Rhd4 Rfd8 26. Kb3 Rxd4 27. Rxd4
Nbd7 28. c5 a5 29. a3 axb4 30. axb4 b6 31. cxb6 Nxb6 32. b5 Nfd5 33. Nxd5+ exd5
34. Rd1 Kd6 35. Be2 Re8 36. Bd3 Rc8 37. Ra1 Kc5 38. Ra7 Kd4 39. Be2 Re8 40. Bf3
Re1 41. Rxf7 Rb1+ 42. Kc2 Rxb5 43. Rf4+ Kc5 44. Rg4 Nc4 45. Rg5 Kd4 46. Rg4+ Kc5
47. Rg5 Kd4 48. Rg4+ Kc5 1/2-1/2

[Event "6th SPICE Cup GM"]
[Site "St Louis USA"]
[Date "2012.10.13"]
[Round "2"]
[White "So, Wesley"]
[Black "Balogh, Csaba"]
[Result "1/2-1/2"]
[WhiteTitle "GM"]
[BlackTitle "GM"]
[WhiteElo "2677"]
[BlackElo "2664"]
[WhiteFideId "5202213"]
[BlackFideId "718939"]
[EventDate "2012.10.12"]

1. e4 e5 2. Nf3 Nc6 3. Bb5 Nf6 4. O-O Nxe4 5. Re1 Nd6 6. Nxe5 Be7 7. Bf1 Nxe5 8.
Rxe5 O-O 9. d4 Bf6 10. Re1 Re8 11. Bf4 Rxe1 12. Qxe1 Ne8 13. Nc3 Bxd4 14. Nd5 c6
15. Ne7+ Kf8 16. Nxc8 Qf6 17. Qb4+ c5 18. Qd2 Rxc8 19. Re1 g5 20. Bg3 d6 21. c3
Be5 22. Bxe5 dxe5 23. Qd5 b6 24. Qxe5 Qxe5 25. Rxe5 f6 26. Rd5 Ke7 27. f4 Rd8
28. Rxd8 Kxd8 29. Kf2 Ke7 30. Kf3 gxf4 31. Bd3 h6 32. Kg4 Kf7 33. Bc4+ Kf8 34.
Bd5 Nd6 35. Kxf4 Ke7 36. g3 Ke8 37. b4 Ke7 38. bxc5 bxc5 39. c4 Ke8 40. Kg4 Kf8
41. h4 Kg7 42. Kf4 Kf8 43. Kg4 Kg7 44. Kf4 Kf8 45. Kg4 Kg7 1/2-1/2

[Event "6th SPICE Cup GM"]
[Site "St Louis USA"]
[Date "2012.10.15"]
[Round "4"]
[White "So, Wesley"]
[Black "Meier, Georg"]
[Result "1-0"]
[WhiteTitle "GM"]
[BlackTitle "GM"]
[WhiteElo "2677"]
[BlackElo "2646"]
[WhiteFideId "5202213"]
[BlackFideId "4675789"]
[EventDate "2012.10.12"]

1. e4 e6 2. d4 d5 3. Nc3 Nf6 4. e5 Nfd7 5. f4 c5 6. Nf3 Nc6 7. Be3 Be7 8. Qd2
O-O 9. dxc5 Bxc5 10. O-O-O Qa5 11. a3 Rb8 12. Bxc5 Nxc5 13. Qe3 Na4 14. Nxa4
Qxa4 15. Bd3 b5 16. c3 b4 17. cxb4 Ba6 18. Bc2 Qb5 19. Nd4 Qb6 20. f5 exf5 21.
Nxf5 Qxe3+ 22. Nxe3 d4 23. Nf5 Rfd8 24. Be4 Nxe5 25. Nxd4 g6 26. Kb1 Bc4 27.
Rhe1 f6 28. b3 Bd5 29. Bxd5+ Rxd5 30. Ne6 Rxd1+ 31. Rxd1 a5 32. bxa5 Rxb3+ 33.
Ka2 Rb5 34. a6 Ra5 35. Nc7 Kf7 36. Kb3 Ke7 37. Rd5 1-0

[Event "6th SPICE Cup GM"]
[Site "St Louis USA"]
[Date "2012.10.17"]
[Round "6"]
[White "Le, Quang Liem"]
[Black "Meier, Georg"]
[Result "1/2-1/2"]
[WhiteTitle "GM"]
[BlackTitle "GM"]
[WhiteElo "2703"]
[BlackElo "2646"]
[WhiteFideId "12401137"]
[BlackFideId "4675789"]
[EventDate "2012.10.12"]

1. d4 Nf6 2. c4 e6 3. Nc3 Bb4 4. Qc2 O-O 5. Nf3 c5 6. dxc5 Na6 7. g3 Nxc5 8. Bg2
Nce4 9. O-O Nxc3 10. bxc3 Be7 11. Rd1 Qc7 12. Qd3 d6 13. Rb1 Rd8 14. Nd4 a6 15.
Bg5 Rb8 16. Rb3 Bd7 17. Rdb1 b6 18. Nc2 b5 19. Na3 Qa5 20. cxb5 axb5 21. Nxb5
Bxb5 22. Rxb5 Rxb5 23. Rxb5 Qxa2 24. Rb7 Qa1+ 25. Bf1 Re8 26. Bxf6 Bxf6 27. Qxd6
Qxc3 28. Rb8 Rc8 29. e3 g6 30. Rxc8+ Qxc8 1/2-1/2

[Event "6th SPICE Cup GM"]
[Site "St Louis USA"]
[Date "2012.10.19"]
[Round "7"]
[White "Balogh, Csaba"]
[Black "So, Wesley"]
[Result "1/2-1/2"]
[WhiteTitle "GM"]
[BlackTitle "GM"]
[WhiteElo "2664"]
[BlackElo "2677"]
[WhiteFideId "718939"]
[BlackFideId "5202213"]
[EventDate "2012.10.12"]

1. e4 c5 2. Nf3 e6 3. g3 d5 4. exd5 exd5 5. d4 Nf6 6. Bg2 Be7 7. O-O O-O 8. Nc3
Nc6 9. dxc5 Bxc5 10. Bg5 d4 11. Ne4 Be7 12. Nxf6+ Bxf6 13. Bxf6 Qxf6 14. Ne1 Bf5
15. Nd3 Ne5 16. Nxe5 Qxe5 17. Re1 Qc5 18. Be4 Bxe4 19. Rxe4 Rac8 20. Rxd4 Qxc2
21. Qxc2 Rxc2 22. Rb4 b6 23. a4 g6 24. a5 bxa5 25. Rxa5 Rc7 26. Rba4 Rb8 27.
Rxa7 Rxa7 28. Rxa7 Rxb2 1/2-1/2

[Event "6th SPICE Cup GM"]
[Site "St Louis USA"]
[Date "2012.10.20"]
[Round "8"]
[White "Meier, Georg"]
[Black "Balogh, Csaba"]
[Result "1/2-1/2"]
[WhiteTitle "GM"]
[BlackTitle "GM"]
[WhiteElo "2646"]
[BlackElo "2664"]
[WhiteFideId "4675789"]
[BlackFideId "718939"]
[EventDate "2012.10.12"]

1. d4 d5 2. c4 c6 3. Nf3 Nf6 4. e3 Bg4 5. Qb3 Qb6 6. Nc3 e6 7. Nh4 Bh5 8. h3 Na6
9. g4 Bg6 10. Nxg6 hxg6 11. Bg2 Qb4 12. Bd2 dxc4 13. Qc2 Qb6 14. a3 g5 15. Na4
Qb3 16. Rc1 Qxc2 17. Rxc2 Nd5 18. Rxc4 Bd6 19. Rc2 e5 20. dxe5 Bxe5 21. b4 Rd8
22. Ke2 Rh6 23. Rb1 b5 24. Nc3 Nxc3+ 25. Bxc3 Bxc3 26. Rxc3 Rdd6 27. Rbc1 Kd7
28. f4 gxf4 29. exf4 Rhe6+ 30. Re3 Nc7 31. Rc5 f6 32. Be4 Nd5 33. Bxd5 Rxd5 34.
Rxe6 Rxc5 35. Rxf6 gxf6 36. bxc5 a5 37. a4 b4 38. h4 Ke6 39. g5 fxg5 40. hxg5
Kf5 41. Kd3 Kg6 42. Ke4 Kh5 43. Kd3 Kg6 44. Ke4 Kh5 45. Kd3 1/2-1/2

[Event "6th SPICE Cup GM"]
[Site "St Louis USA"]
[Date "2012.10.21"]
[Round "9"]
[White "Le, Quang Liem"]
[Black "Balogh, Csaba"]
[Result "1-0"]
[WhiteTitle "GM"]
[BlackTitle "GM"]
[WhiteElo "2703"]
[BlackElo "2664"]
[WhiteFideId "12401137"]
[BlackFideId "718939"]
[EventDate "2012.10.12"]

1. d4 d5 2. Nf3 Nf6 3. c4 c6 4. Nc3 dxc4 5. a4 e6 6. e4 Bb4 7. Bg5 h6 8. Bxf6
Qxf6 9. Bxc4 c5 10. O-O cxd4 11. e5 Qd8 12. Ne4 Nc6 13. Qe2 a6 14. Rfd1 Qa5 15.
Ng3 Be7 16. Qe4 Bd7 17. Ne2 Rd8 18. h4 Qb4 19. Bd3 Na5 20. Qg4 Kf8 21. Nf4 Nb3
22. Ra3 Qb6 23. Ra2 Rc8 24. a5 Qd8 25. Be4 Rc1 26. Rxc1 Nxc1 27. Ra1 Nb3 28. Rd1
Qxa5 29. Bc2 Qb6 30. Nd5 exd5 31. Qxd7 Nc5 32. Qxd5 g6 33. Qxd4 Qc6 34. e6 f6
35. Bxg6 Nxe6 36. Qg4 Rg8 37. Ne5 h5 38. Qf5 Qa4 39. Qxe6 Qxd1+ 40. Kh2 Rg7 41.
Nd7+ Qxd7 42. Qxd7 Rxg6 1-0

[Event "6th SPICE Cup GM"]
[Site "St Louis USA"]
[Date "2012.10.21"]
[Round "9"]
[White "Meier, Georg"]
[Black "So, Wesley"]
[Result "1/2-1/2"]
[WhiteTitle "GM"]
[BlackTitle "GM"]
[WhiteElo "2646"]
[BlackElo "2677"]
[WhiteFideId "4675789"]
[BlackFideId "5202213"]
[EventDate "2012.10.12"]

1. d4 Nf6 2. c4 g6 3. Nc3 d5 4. Qb3 dxc4 5. Qxc4 Bg7 6. e4 O-O 7. Be2 Nc6 8. Nf3
e5 9. d5 Nd4 10. Nxd4 exd4 11. Qxd4 c6 12. Qc4 b5 13. Qxc6 Bd7 14. Qd6 Re8 15.
f3 Nh5 16. g3 f5 17. Bd3 a5 18. Be3 b4 19. Nd1 Nf6 20. e5 Ng4 21. fxg4 Bxe5 22.
Qc5 Rc8 23. Qa7 Ra8 24. Qc5 Rc8 25. Qa7 Ra8 26. Qb7 Rb8 27. Qa6 f4 28. gxf4 Bxf4
29. O-O Bxe3+ 30. Nxe3 Rxe3 31. Bxg6 Qg5 32. Qd6 Rd8 33. Bf7+ Kg7 34. Qf4 Qxg4+
35. Kh1 Qxf4 36. Rxf4 Re2 37. Rg1+ Kh8 38. Rg2 Re1+ 39. Rg1 Re2 40. Rg2 Re1+ 41.
Rg1 1/2-1/2